Catálogo - Centro de Recursos para el Aprendizaje y la Investigación

Volver al Sitio - CRAI Biblioteca

¿Qué pasó en Vennet? / (Registro nro. 114024)

Detalles MARC
000 -CABECERA
campo de control de longitud fija 01518nam a2200325 4500
001 - NÚMERO DE CONTROL
campo de control 114024
003 - IDENTIFICADOR DEL NÚMERO DE CONTROL
campo de control DR-UNIBE
005 - FECHA Y HORA DE LA ÚLTIMA TRANSACCIÓN
campo de control 20250821062546.0
008 - DATOS DE LONGITUD FIJA--INFORMACIÓN GENERAL
campo de control de longitud fija 250807b dr ||||| |||| 00| 1 spa d
020 ## - NÚMERO INTERNACIONAL ESTÁNDAR DEL LIBRO
Número Internacional Estándar del Libro 9789945098167
040 ## - FUENTE DE LA CATALOGACIÓN
Centro catalogador/agencia de origen BIBLIOTECA UNIBE
Lengua de catalogación spa
Centro/agencia transcriptor BIBLIOTECA UNIBE
Normas de descripción rda
041 ## - CÓDIGO DE LENGUA
Código de lengua del texto/banda sonora o título independiente spa
090 ## - LOCALMENTE ASIGNADO TIPO-LC NÚMERO DE CLASIFICACIÓN (OCLC); NÚMERO DE CLASIFICACIÓN LOCAL (RLIN)
Número de clasificación (OCLC) (R) ; Numero de clasificación, CALL (RLIN) (NR) FBIU-PL CJ L579q
100 ## - ENTRADA PRINCIPAL--NOMBRE DE PERSONA
Nombre de persona León, Patricio
9 (RLIN) 198243
Término indicativo de función/relación autor
245 ## - MENCIÓN DE TÍTULO
Título ¿Qué pasó en Vennet? /
Mención de responsabilidad, etc. Patricio León; ilustraciones: Koco Toribio ; diseño y diagramación: Lissa V. Pérez Gómez ; corrección de estilo: Francisco Peña, Rosmina Valdés ; presentación: Gamal Michelén Stefan
250 ## - MENCIÓN DE EDICIÓN
Mención de edición Primera edición
260 ## - PUBLICACIÓN, DISTRIBUCIÓN, ETC.
Lugar de publicación, distribución, etc. Santo Domingo:
Nombre del editor, distribuidor, etc. Patricio León,
Fecha de publicación, distribución, etc. [Fecha no identificada]
300 ## - DESCRIPCIÓN FÍSICA
Extensión 123 páginas :
Otras características físicas ilustraciones a color ;
Dimensiones 21 x 21
500 ## - NOTA GENERAL
Nota general Incluye índice, información sobre el autor al inicio de la obra. Al final de cada cuento hay una guía didáctica y prácticas de lectura. Comentarios sobre la obra en la contraportada
653 ## - TÉRMINO DE INDIZACIÓN--NO CONTROLADO
Término no controlado Cuentos juveniles dominicanos
653 ## - TÉRMINO DE INDIZACIÓN--NO CONTROLADO
Término no controlado Creatividad - Cuentos juveniles dominicanos
653 ## - TÉRMINO DE INDIZACIÓN--NO CONTROLADO
Término no controlado Aventuras - Cuentos juveniles dominicanos
653 ## - TÉRMINO DE INDIZACIÓN--NO CONTROLADO
Término no controlado Literatura juvenil dominicana
700 ## - PUNTO DE ACCESO ADICIONAL--NOMBRE DE PERSONA
Nombre de persona Michelén Stefan, Gamal
9 (RLIN) 198244
Término indicativo de función/relación presentador
700 ## - PUNTO DE ACCESO ADICIONAL--NOMBRE DE PERSONA
Nombre de persona Toribio, Koco
9 (RLIN) 198245
Término indicativo de función/relación ilustrador
700 ## - PUNTO DE ACCESO ADICIONAL--NOMBRE DE PERSONA
Nombre de persona Pérez Gómez, Lissa
9 (RLIN) 152859
Término indicativo de función/relación diseñador
-- diagramador
700 ## - PUNTO DE ACCESO ADICIONAL--NOMBRE DE PERSONA
Nombre de persona Peña, Francisco
Término indicativo de función/relación corrector de estilo
9 (RLIN) 70604
700 ## - PUNTO DE ACCESO ADICIONAL--NOMBRE DE PERSONA
Nombre de persona Valdés, Rosmina
9 (RLIN) 198246
Término indicativo de función/relación corrector de estilo
942 ## - ELEMENTOS DE PUNTO DE ACCESO ADICIONAL (KOHA)
Fuente del sistema de clasificación o colocación Sistema de Clasificación Decimal Dewey
Tipo de ítem Koha Libro (general)
Existencias
Estado de retiro Estado de pérdida Fuente del sistema de clasificación o colocación No para préstamo Código de colección Localización permanente Fecha de adquisición Total de préstamos Signatura topográfica completa Código de barras Fecha visto por última vez Número de copia Precio válido a partir de Tipo de ítem Koha
  Disponible Sistema de Clasificación Decimal Dewey No se presta Fondo Bibliográfico IBBY-UNIBE Biblioteca Central UNIBE 10/07/2025   FBIU-PL CJ L579q FBIU0895 07/08/2025 Ej.1 07/08/2025 Libro (reserva)